000 05883nam a2200457 a 4500
003 CHAP
005 20250707174449.0
007 ta
008 250611s2024 mx abd|fsm||| 001 0 spa d
040 _erda
041 _aspa
_beng
100 1 _aJauregui García, Carla Zulema
_9133531
240 1 0 _aPhysical-chemical, sensory and spectroscopic profile of mexican red wine, economic valuation and conceptualization.
_lEspañol
245 1 0 _aPerfil físico-químico, sensorial y espectroscópico de vino tinto mexicano, valoración económica y conceptualización /
_cCarla Zulema Jauregui García
264 _aChapingo, México :
_bEl autor,
_c2024
300 _a1 recurso en línea (xix, 208 páginas) :
_bilustraciones, mapas, gráficas, diagramas, tablas
336 _2rdacontent
_atexto
_btxt
337 _2rdamedia
_acomputadora
_bc
338 _2rdacarrier
_arecurso en línea
_bcr
502 _aTesis
_bDCA
_cAgroindustrias
_d2024
_gDOC
504 _aIncluye bibliografías
520 3 _aEl vino es una bebida compuesta de una matriz compleja de compuestos volátiles y no volátiles, sin embargo, pueden existir otros factores relacionados con el vino que influyen en su consumo. Los propósitos de esta investigación fueron caracterizar la cadena agroindustrial del vino tinto Shiraz en Parras, Coahuila, determinar su perfil físico-químico, sensorial y espectroscópico, así como realizar el estudio del consumidor mediante conceptualización y valoración económica. La cadena agroindustrial se realizó mediante estudios de caso, el perfil físico-químico se evaluó empleando los métodos de la OIV, el perfil sensorial por un análisis descriptivo cuantitativo; y el perfil espectroscópico por infrarrojo cercano, ultravioleta-visible y fluorescencia. La conceptualización se realizó por prueba de asociación libre de palabras y la valoración económica mediante valoración contingente y experimentos de elección discreta. La producción de vino Shiraz era de 20-25 % en la región de Parras, los procesos presentaron modificaciones puntuales entre cada vinícola. Los perfiles físico-químicos, sensoriales y espectroscópicos permitieron diferenciar a los vinos producidos en una misma región. Las conceptualizaciones sociales del vino incluyeron significados utilitarios y simbólicos. La valoración económica estuvo influenciada por factores como el ingreso mensual, preferencias de consumo, accesibilidad del producto, entre otros. La disposición a pagar un costo extra por este tipo de productos es principalmente moderada. Finalmente, los atributos extrínsecos del vino tinto que influyeron positivamente en la disposición a pagar fueron el origen (Baja California y Coahuila) y la obtención de medallas. El vino Shiraz producido en la región de Parras, Coahuila presentó diferencias significativas físico-químicas, sensoriales y espectroscópicas, influenciadas principalmente por la altitud y proceso de producción. --
520 3 _aWine is a beverage composed of a complex matrix of volatile and non-volatile compounds, however, there may be other factors related to wine that influence its consumption. The purposes of this research were to characterize the agroindustrial chain of Shiraz red wine in Parras, Coahuila, determine its physical-chemical, sensory and spectroscopic profile, as well as conduct a consumer study through conceptualization and economic valuation. The agroindustrial chain was carried out through case studies, the physical-chemical profile was evaluated using the OIV methods, the sensory profile by a quantitative descriptive analysis; and the near-infrared, ultraviolet-visible and fluorescence spectroscopic profile. Conceptualization was carried out by free word association test and economic evaluation through contingent valuation and discrete choice experiments. The production of Shiraz wine was 20-25 % in the Parras region, the processes presented specific modifications between each winery. The physicochemical, sensory and spectroscopic profiles allowed the differentiation of wines produced in the same region. Social representations of wine included utilitarian and symbolic meanings. The economic valuation was influenced by factors such as monthly income, consumer preferences, product accessibility, among others. The willingness to pay an extra cost for this type of product is mainly moderate. Finally, the extrinsic attributes of red wine that positively influenced the willingness to pay were the origin (Baja California and Coahuila) and the obtaining of medals. The Shiraz wine produced in the region of Parras, Coahuila presented significant physical-chemical, sensory and spectroscopic differences, mainly influenced by altitude and production process.
650 1 3 _aVinos tintos
_xAnálisis
_2atg
_9153190
_zMéxico
650 1 3 _aVinos
_xPropiedades fisicoquímicas
_2atg
_9190621
650 1 3 _aVinos
_xPropiedades sensoriales
_2atg
_9190623
650 1 3 _aVinos
_2atg
_xEspectroscopía del infrarrojo cercano
_9119879
650 1 3 _aVinos
_2atg
_xEspectroscopía de ultravioleta visible
_9119879
650 1 3 _aVinos
_2atg
_xValuación económica
_9119879
650 1 3 _aRed wines
_xAnalysis
_2atg
_9153189
_zMexico
650 1 3 _aWines
_xPhysicochemical properties
_2atg
_9190622
650 1 3 _aWines
_xSensory properties
_2atg
_9190624
650 1 3 _aWines
_xNear-infrared spectroscopy
_2atg
_9148017
650 1 3 _aWines
_xUltraviolet-visible spectroscopy
_2atg
_9148017
650 1 3 _aWines
_xEconomic valuation
_2atg
_9148017
700 1 _aEspejel García, Anastacio
_9147446
_edirector
700 1 _aBarrera Rodríguez, Ariadna Isabel
_9163078
_easesora
700 1 _aHernández Rodríguez, Landy
_954548
_easesora
856 4 0 _uhttp://10.13.5.2/tesis/td/1913214-6_JAUREGUI_GARCÍA_CARLA_ZULEMA.pdf
_yDESCARGAR PDF
942 _2Clasificación Universidad Autónoma Chapingo
_cTD
999 _c220593
_d220593